[Event "World Rapid Women 2022"]
[Site "Almaty KAZ"]
[Date "2022.12.26"]
[Round "2.15"]
[White "Maltsevskaya, Aleksandra"]
[Black "Bivol, Alina"]
[Result "0-1"]
[WhiteTitle "IM"]
[BlackTitle "IM"]
[WhiteElo "2400"]
[BlackElo "2364"]
[WhiteFideId "24174041"]
[BlackFideId "4100123"]
[EventDate "2022.12.26"]

1. e4 e6 2. d4 d5 3. Nd2 c5 4. Ngf3 Nc6 5. c3 cxd4 6. cxd4 dxe4 7. Nxe4 Nge7 8.
Bb5 Nf5 9. O-O a6 10. Bxc6+ bxc6 11. Qa4 Qb6 12. Bf4 Be7 13. Rac1 O-O 14. b3 Qb5
15. Qc4 Rd8 16. Rfd1 Qd5 17. Ng3 Qxc4 18. Rxc4 Nxg3 19. hxg3 c5 20. Bc7 Rd5 21.
Rdc1 cxd4 22. Bb6 Bd7 23. Bxd4 f6 24. Bc5 Bd8 25. Be3 a5 26. Nd2 a4 27. b4 a3
28. Ne4 Kf7 29. Nc3 Rd3 30. b5 Ba5 31. b6 Rb8 32. Na4 Bxa4 33. Rxa4 Bxb6 34. Rb1
Rxe3 35. Rab4 Re1+ 0-1

[Event "World Rapid Women 2022"]
[Site "Almaty KAZ"]
[Date "2022.12.26"]
[Round "2.16"]
[White "Fataliyeva, Ulviyya"]
[Black "Machlik, Monika"]
[Result "1-0"]
[WhiteTitle "IM"]
[WhiteElo "2428"]
[BlackElo "2114"]
[WhiteFideId "13403052"]
[BlackFideId "1513621"]
[EventDate "2022.12.26"]

1. d4 Nf6 2. Nc3 d5 3. Bf4 a6 4. e3 e6 5. Nf3 b5 6. Nb1 Bb7 7. Be2 Bd6 8. Ne5
O-O 9. a4 b4 10. Nd2 c5 11. dxc5 Bxc5 12. O-O Nc6 13. Nb3 Bd6 14. Nxc6 Bxc6 15.
Bxd6 Qxd6 16. a5 Rfc8 17. f4 Bd7 18. Bd3 Bb5 19. Nd4 Bc4 20. Rf3 Rc7 21. Rh3
Bxd3 22. cxd3 Rac8 23. Qd2 Nd7 24. Rf3 Nb8 25. Rff1 Nc6 26. Nb3 Na7 27. Rfc1 Kf8
28. d4 Rc4 29. Nc5 Rb8 30. Rxc4 dxc4 31. Rc1 c3 32. bxc3 bxc3 33. Qxc3 Nb5 34.
Qd3 g6 35. Ne4 Qb4 36. Nc5 Rd8 37. Nxa6 Qxa5 38. Nc5 Nd6 39. Qb3 Qd2 40. Rd1 Qe2
41. Qd3 Qa2 42. Rb1 Nf5 43. Rb7 Qa1+ 44. Rb1 Qa2 45. Re1 Qa5 46. Rc1 Qa2 47. Rc2
Qb1+ 48. Kf2 Qh1 49. Qa3 Kg7 50. Qa7 Re8 51. h3 Qd1 52. Qa2 h6 53. Rd2 Qc1 54.
Qb2 Qxb2 55. Rxb2 Ra8 56. g4 Nd6 57. e4 Ra1 58. e5 Nc4 59. Rc2 Nb6 60. Ne4 Nd5
61. Nd6 Nxf4 62. h4 Nd5 63. Rb2 Ra7 64. g5 hxg5 65. hxg5 Nf4 66. Ne8+ Kf8 67.
Rb8 Ke7 68. Nf6 Ra2+ 69. Kf3 Ra3+ 70. Ke4 1-0

[Event "World Rapid Women 2022"]
[Site "Almaty KAZ"]
[Date "2022.12.26"]
[Round "2.17"]
[White "Garifullina, Leya"]
[Black "Hajiyeva, Laman"]
[Result "1-0"]
[WhiteTitle "IM"]
[BlackTitle "WFM"]
[WhiteElo "2357"]
[BlackElo "2135"]
[WhiteFideId "34127035"]
[BlackFideId "13415875"]
[EventDate "2022.12.26"]

1. e4 c6 2. d4 d5 3. e5 Bf5 4. Nf3 e6 5. Be2 c5 6. O-O cxd4 7. Nxd4 Nc6 8. Nxf5
exf5 9. Bf3 Nge7 10. Re1 Qd7 11. a3 O-O-O 12. b4 Qc7 13. e6 f6 14. Be2 g5 15. b5
Ne5 16. a4 h5 17. a5 Ng4 18. g3 h4 19. Bxg4 hxg3 20. hxg3 fxg4 21. b6 axb6 22.
axb6 Qxb6 23. Ra8+ Kc7 24. Rxd8 Kxd8 25. Be3 Qc6 26. Bd4 Bg7 27. Qd3 Rh6 28. Nc3
Qc4 29. Bb6+ Kc8 30. Qxc4+ dxc4 31. Ra1 Kb8 32. Nb5 Nd5 33. Rd1 Nxb6 34. Rd8+
Nc8 35. e7 1-0

[Event "World Rapid Women 2022"]
[Site "Almaty KAZ"]
[Date "2022.12.26"]
[Round "2.18"]
[White "Nomindalai, Tumurbaatar"]
[Black "Gong, Qianyun"]
[Result "0-1"]
[WhiteTitle "CM"]
[BlackTitle "WGM"]
[WhiteElo "2132"]
[BlackElo "2299"]
[WhiteFideId "4904095"]
[BlackFideId "8602425"]
[EventDate "2022.12.26"]

1. d4 d5 2. c4 c6 3. Nf3 Nf6 4. Qb3 dxc4 5. Qxc4 Bf5 6. g3 e6 7. Bg2 Nbd7 8. O-O
Bd6 9. Nc3 O-O 10. Rd1 Rc8 11. e3 Qe7 12. b3 c5 13. Bb2 a6 14. Rac1 Rfd8 15. h3
cxd4 16. Qxd4 Nc5 17. Na4 Bxg3 18. fxg3 Rxd4 19. Bxd4 Nfd7 20. Nxc5 Nxc5 21.
Bxc5 Qe8 22. Nd4 Rc7 23. Bb6 Rxc1 24. Rxc1 h6 25. Bxb7 Kh7 26. Nxf5 exf5 27. Bd4
Qb8 28. Bc8 Qxg3+ 29. Kf1 Qxh3+ 30. Ke2 Qg2+ 31. Kd1 Qe4 32. Rc5 Qb1+ 33. Rc1
Qd3+ 34. Ke1 f4 35. Rc5 g6 36. Rc7 Qb1+ 37. Ke2 Qxa2+ 38. Kf3 Qxb3 39. Kxf4 Qd5
40. Rd7 Qg5+ 41. Kf3 Qf5+ 42. Kg3 h5 43. Kh2 Qc2+ 44. Kg3 Qxc8 45. Rxf7+ Kh6 46.
Bg7+ Kh7 47. Be5+ Kg8 48. Rg7+ Kf8 49. Rxg6 Qc4 50. Bd4 Kf7 51. Rg5 Qe2 52. Rf5+ 0-1

[Event "World Rapid Women 2022"]
[Site "Almaty KAZ"]
[Date "2022.12.26"]
[Round "2.19"]
[White "Sultanbek, Zeinep"]
[Black "Shuvalova, Polina"]
[Result "1-0"]
[WhiteTitle "WIM"]
[BlackTitle "IM"]
[WhiteElo "1891"]
[BlackElo "2502"]
[WhiteFideId "13710419"]
[BlackFideId "24171760"]
[EventDate "2022.12.26"]

1. Nf3 d5 2. c4 d4 3. b4 c5 4. e3 g6 5. exd4 cxd4 6. d3 Bg7 7. g3 a5 8. b5 b6 9.
Bg2 Bb7 10. O-O Nh6 11. Re1 O-O 12. Bf4 Nf5 13. a4 Nd7 14. Nbd2 Rc8 15. Nb3 Re8
16. g4 Bxf3 17. Bxf3 e5 18. gxf5 exf4 19. fxg6 Qg5+ 20. Kh1 Rxe1+ 21. Qxe1 hxg6
22. Qg1 Qh4 23. Qg4 Qxf2 24. Bc6 Rd8 25. Bxd7 Qb2 26. Be6 Rd6 27. Bd5 Qxb3 28.
Qxf4 Rf6 29. Qg3 Bh6 30. Qh4 Bg7 31. Re1 Rd6 32. Bxf7+ Kxf7 33. Qe7+ Kg8 34.
Qxd6 Qxd3 35. Qd8+ Bf8 36. Qd5+ Kh7 37. Qf7+ Bg7 38. Re7 Qd1+ 39. Kg2 Qd2+ 40.
Kf3 Qd3+ 41. Kf4 Qf1+ 42. Ke4 Qg2+ 43. Qf3 Qxh2 44. Kd5 Qh4 45. Qf7 Qh1+ 46. Kd6
Qh6 47. Kc6 d3 48. Kxb6 d2 49. Rd7 Qe3+ 50. c5 Qe5 51. Rxd2 Qb8+ 52. Qb7 Qf8 53.
Rh2+ Kg8 54. Qd5+ 1-0

[Event "World Rapid Women 2022"]
[Site "Almaty KAZ"]
[Date "2022.12.26"]
[Round "2.20"]
[White "Kosteniuk, Alexandra"]
[Black "Ovod, Evgenija"]
[Result "1-0"]
[WhiteTitle "GM"]
[BlackTitle "IM"]
[WhiteElo "2520"]
[BlackElo "2323"]
[WhiteFideId "4128125"]
[BlackFideId "4131827"]
[EventDate "2022.12.26"]

1. e4 e5 2. Nf3 Nc6 3. Bc4 Bc5 4. d3 Nf6 5. Nc3 d6 6. Na4 Bb6 7. a3 Be6 8. Bxe6
fxe6 9. O-O O-O 10. b4 Qe8 11. c3 Nh5 12. Ra2 h6 13. Nxb6 axb6 14. a4 Nf4 15. g3
Ng6 16. Ne1 Rf6 17. Ng2 b5 18. Qb3 bxa4 19. Rxa4 Rxa4 20. Qxa4 d5 21. Qb5 d4 22.
Bb2 Qc8 23. cxd4 exd4 24. f4 e5 25. Qc4+ Kh7 26. f5 Nf8 27. Rc1 Qe8 28. g4 Nd7
29. b5 Nb6 30. Qb3 Na7 31. Rxc7 Nxb5 32. Rxb7 Qc8 33. Re7 Nc3 34. h4 Nd7 35. g5
hxg5 36. hxg5 Rb6 37. Qf7 Qf8 38. g6+ Kh6 39. Rxd7 Ne2+ 40. Kh2 Qb4 41. Qxg7+
Kh5 42. Qh7+ Kg4 43. Qh3+ 1-0

[Event "World Rapid Women 2022"]
[Site "Almaty KAZ"]
[Date "2022.12.26"]
[Round "2.21"]
[White "Saduakassova, Dinara"]
[Black "Kovanova, Baira"]
[Result "1/2-1/2"]
[WhiteTitle "IM"]
[BlackTitle "WGM"]
[WhiteElo "2434"]
[BlackElo "2317"]
[WhiteFideId "13700090"]
[BlackFideId "4164083"]
[EventDate "2022.12.26"]

1. Nf3 d5 2. g3 Bg4 3. Bg2 c6 4. d3 Nd7 5. O-O Ngf6 6. Nbd2 e5 7. e4 dxe4 8.
dxe4 Bc5 9. h3 Bh5 10. Qe1 Bxf3 11. Nxf3 O-O 12. a4 a5 13. Bd2 Re8 14. Bc3 Qb6
15. Nd2 Bb4 16. Nc4 Qc5 17. Bxb4 axb4 18. Qe2 Nf8 19. c3 bxc3 20. bxc3 b5 21.
Nb2 Ne6 22. Rfc1 h6 23. a5 b4 24. Nd3 Qb5 25. cxb4 Red8 26. Ra3 Re8 1/2-1/2

[Event "World Rapid Women 2022"]
[Site "Almaty KAZ"]
[Date "2022.12.26"]
[Round "2.22"]
[White "Assaubayeva, Bibisara"]
[Black "Foudzi, Siti Zulaikha"]
[Result "1-0"]
[WhiteTitle "IM"]
[BlackTitle "WIM"]
[WhiteElo "2440"]
[BlackElo "2136"]
[WhiteFideId "13708694"]
[BlackFideId "5700965"]
[EventDate "2022.12.26"]

1. d4 d5 2. c4 e6 3. Nf3 Nf6 4. Nc3 Be7 5. Bf4 c6 6. e3 O-O 7. h3 Nbd7 8. Qc2 b6
9. cxd5 exd5 10. Bd3 Bb7 11. O-O a6 12. Rfd1 c5 13. Qe2 Re8 14. Rac1 c4 15. Bb1
b5 16. a3 Qb6 17. Ne5 Rad8 18. Nxd7 Rxd7 19. Be5 a5 20. e4 dxe4 21. Nxe4 Bxe4
22. Bxe4 Nxe4 23. Qg4 Bg5 24. Qxd7 Rd8 25. Qg4 Qg6 26. f4 h5 27. Qf3 Bh4 28. f5
Qc6 29. Re1 Bf2+ 30. Kh2 Bxe1 31. Rxe1 f6 32. Rxe4 fxe5 33. dxe5 Rd3 34. Qe2 Qd5
35. Qe1 Rd1 36. Qe3 Rd3 37. Qf4 Rd1 38. e6 Qc5 39. e7 Qg1+ 40. Kg3 h4+ 41. Kxh4 1-0

[Event "World Rapid Women 2022"]
[Site "Almaty KAZ"]
[Date "2022.12.26"]
[Round "2.23"]
[White "Atalik, Ekaterina"]
[Black "Paramzina, Anastasya"]
[Result "1-0"]
[WhiteTitle "IM"]
[BlackTitle "WGM"]
[WhiteElo "2403"]
[BlackElo "2227"]
[WhiteFideId "4130189"]
[BlackFideId "4165012"]
[EventDate "2022.12.26"]

1. c4 g6 2. g3 Bg7 3. Bg2 c5 4. Nf3 Nc6 5. O-O Nf6 6. Nc3 O-O 7. d4 cxd4 8. Nxd4
Nxd4 9. Qxd4 d6 10. Qh4 Qd7 11. Bh6 Rb8 12. Bxg7 Kxg7 13. Qd4 b6 14. Rad1 Bb7
15. e4 Qc8 16. b3 Qc5 17. Qxc5 bxc5 18. Rfe1 Rfd8 19. e5 Ng4 20. exd6 exd6 21.
Re7 Bxg2 22. Kxg2 a6 23. Ra7 Rb6 24. Ne4 Rc6 25. Ng5 Kf6 26. Nxh7+ Kg7 27. Ng5
Kf6 28. Nxf7 Re8 29. h3 Ne5 30. Nxd6 Re6 31. Ne4+ Kf5 32. Nc3 1-0

[Event "World Rapid Women 2022"]
[Site "Almaty KAZ"]
[Date "2022.12.26"]
[Round "2.24"]
[White "Mammadzada, Gunay"]
[Black "Nurgali, Nazerke"]
[Result "1-0"]
[WhiteTitle "IM"]
[BlackTitle "WIM"]
[WhiteElo "2472"]
[BlackElo "2168"]
[WhiteFideId "13403729"]
[BlackFideId "13711261"]
[EventDate "2022.12.26"]

1. e4 c6 2. d4 d5 3. Nc3 dxe4 4. Nxe4 Nf6 5. Nxf6+ exf6 6. Bc4 Bd6 7. Qe2+ Qe7
8. Qxe7+ Kxe7 9. Ne2 Be6 10. Bd3 Nd7 11. Nf4 Nb6 12. Nxe6 fxe6 13. Bd2 Rad8 14.
O-O-O c5 15. dxc5 Bxc5 16. f4 Kf7 17. Rhe1 g6 18. Re2 Rhe8 19. Rde1 Re7 20. g4
Bd6 21. a3 e5 22. f5 Rc7 23. Kb1 Nc4 24. Bc1 b5 25. g5 Rb8 26. Rf1 Be7 27. gxf6
Bxf6 28. fxg6+ hxg6 29. Rg2 Rb6 30. Rxg6 Re7 31. Bg5 Ree6 32. Rgxf6+ Rxf6 33.
Bxc4+ bxc4 34. Rxf6+ Rxf6 35. Bxf6 Kxf6 36. Kc1 Kf5 37. Kd2 Kf4 38. Ke2 a5 39.
a4 1-0

[Event "World Rapid Women 2022"]
[Site "Almaty KAZ"]
[Date "2022.12.26"]
[Round "2.25"]
[White "Petrova, Irina"]
[Black "Ushenina, Anna"]
[Result "1/2-1/2"]
[WhiteTitle "WIM"]
[BlackTitle "GM"]
[WhiteElo "2123"]
[BlackElo "2454"]
[WhiteFideId "14124122"]
[BlackFideId "14110911"]
[EventDate "2022.12.26"]

1. e4 c5 2. Nf3 e6 3. c4 a6 4. Nc3 Qc7 5. Be2 Nf6 6. O-O b6 7. d4 cxd4 8. Nxd4
Bb7 9. Qd3 Bb4 10. f3 O-O 11. Be3 Be7 12. Rfc1 d6 13. a4 Nbd7 14. Qd2 Rac8 15.
a5 bxa5 16. Nb3 Qb8 17. Nxa5 Ba8 18. b4 d5 19. c5 dxe4 20. Nxe4 Nxe4 21. Qxd7
Bg5 22. Bxg5 Nxg5 23. Qd2 Qe5 24. Nc4 Qf6 25. h4 Nh3+ 26. gxh3 Qxh4 27. Kg2 f5
28. Rxa6 Rf6 29. Ne5 Rh6 30. Qd6 Qg5+ 31. Kf2 Qxc1 32. Qd7 Rf8 33. Ra7 Qg5 34.
Bc4 Qf6 35. Bxe6+ Kh8 36. Nf7+ Rxf7 37. Bxf7 Qb2+ 38. Ke3 Qc3+ 39. Qd3 Qe1+ 40.
Qe2 Qc3+ 41. Qd3 Qe1+ 42. Qe2 Qc3+ 43. Qd3 1/2-1/2

[Event "World Rapid Women 2022"]
[Site "Almaty KAZ"]
[Date "2022.12.26"]
[Round "2.26"]
[White "Gaponenko, Inna"]
[Black "Nurmanova, Alua"]
[Result "1-0"]
[WhiteTitle "IM"]
[BlackTitle "WIM"]
[WhiteElo "2341"]
[BlackElo "2191"]
[WhiteFideId "14101181"]
[BlackFideId "13729390"]
[EventDate "2022.12.26"]

1. e4 c5 2. Nf3 d6 3. d4 cxd4 4. Nxd4 Nf6 5. Nc3 a6 6. Be3 e5 7. Nb3 Be7 8. Qd2
Be6 9. O-O-O Nbd7 10. f4 Qc7 11. Kb1 b5 12. f5 Bc4 13. g4 b4 14. Bxc4 bxc3 15.
Qxc3 Rc8 16. Bxa6 Qxc3 17. bxc3 Rxc3 18. Rhe1 Nxg4 19. Bg1 Kd8 20. Kb2 Rh3 21.
Re2 Kc7 22. a4 Ra8 23. Bb5 Ngf6 24. Rd3 Rh4 25. Rc3+ Kd8 26. Rc4 d5 27. exd5
Rxc4 28. Bxc4 Rxa4 29. Bb5 Rb4 30. c4 Bc5 31. Kc3 Rxb3+ 32. Kxb3 Bxg1 33. Rg2
Bd4 34. Rxg7 Ke7 35. Bxd7 Nxd7 36. Rxh7 e4 37. Rh4 Kd6 38. Kc2 Nc5 39. Rh7 f6
40. h4 e3 41. h5 Ke5 42. Re7+ Kxf5 43. h6 Kg6 44. h7 f5 45. d6 f4 46. d7 Nb7 47.
c5 f3 48. Rxe3 f2 49. Rf3 Nd8 50. Rxf2 Kxh7 51. Rf8 Nc6 52. Rc8 1-0

[Event "World Rapid Women 2022"]
[Site "Almaty KAZ"]
[Date "2022.12.26"]
[Round "2.27"]
[White "Kurmangaliyeva, Liya"]
[Black "Osmak, Yuliia"]
[Result "1-0"]
[WhiteTitle "FM"]
[BlackTitle "IM"]
[WhiteElo "2287"]
[BlackElo "2451"]
[WhiteFideId "13725831"]
[BlackFideId "14101602"]
[EventDate "2022.12.26"]

1. e4 e5 2. Nf3 Nc6 3. d4 exd4 4. Nxd4 Nf6 5. Nxc6 bxc6 6. e5 Qe7 7. Qe2 Nd5 8.
c4 Nb6 9. Nd2 d6 10. c5 dxc5 11. Qe4 Qe6 12. Bd3 Qd5 13. Qe2 Bg4 14. f3 Be6 15.
Be4 Qd7 16. O-O Be7 17. f4 g6 18. Kh1 Bg4 19. Nf3 Nd5 20. Bd2 O-O 21. Rac1 Rae8
22. Qf2 Bf5 23. Rfe1 f6 24. Qg3 Bxe4 25. Rxe4 Qf5 26. Rce1 fxe5 27. Rxe5 Qf7 28.
h3 Bf6 29. Rxe8 Rxe8 30. Ne5 Qg7 31. Nxc6 Rxe1+ 32. Qxe1 Qd7 33. Ne5 Qf5 34. Ng4
Bxb2 35. Nh6+ Kg7 36. Nxf5+ gxf5 37. Qe6 Nf6 38. Qxf5 Bd4 39. Qe6 Kf8 40. f5 Kg7
41. Bg5 1-0

[Event "World Rapid Women 2022"]
[Site "Almaty KAZ"]
[Date "2022.12.26"]
[Round "2.28"]
[White "Shukhman, Anna"]
[Black "Tokhirjonova, Gulrukhbegim"]
[Result "0-1"]
[WhiteTitle "WFM"]
[BlackTitle "WGM"]
[WhiteElo "2161"]
[BlackElo "2328"]
[WhiteFideId "54180058"]
[BlackFideId "14203626"]
[EventDate "2022.12.26"]

1. e4 e5 2. Nf3 Nc6 3. Bc4 Nf6 4. Ng5 d5 5. exd5 Na5 6. Bb5+ c6 7. dxc6 bxc6 8.
Bd3 Nd5 9. h4 h6 10. Qh5 Qf6 11. Ne4 Qe6 12. Ng5 Qf6 13. Ne4 Qe7 14. Nbc3 Nf4
15. Qf3 Be6 16. Bf1 Qd7 17. d3 Nd5 18. Bd2 Nb7 19. Be2 f5 20. Ng3 Bd6 21. Qh5+
Kd8 22. Nxd5 cxd5 23. Nf1 Rc8 24. Bd1 Rf8 25. g3 Kc7 26. c3 Kb8 27. Bc2 f4 28.
Qe2 fxg3 29. fxg3 Bg4 30. Qh2 d4 31. Bd1 Nc5 32. Be2 e4 33. dxe4 Nxe4 34. O-O-O
dxc3 35. Be3 cxb2+ 0-1

[Event "World Rapid Women 2022"]
[Site "Almaty KAZ"]
[Date "2022.12.26"]
[Round "2.29"]
[White "Padmini, Rout"]
[Black "Kim, Kristina"]
[Result "1-0"]
[WhiteTitle "IM"]
[BlackTitle "WCM"]
[WhiteElo "2389"]
[BlackElo "1930"]
[WhiteFideId "5029295"]
[BlackFideId "13712438"]
[EventDate "2022.12.26"]

1. d4 f5 2. Nf3 Nf6 3. Bg5 Ne4 4. Bf4 g6 5. Nbd2 Bg7 6. e3 d6 7. h4 h6 8. Nxe4
fxe4 9. Nd2 d5 10. c4 c6 11. Qc2 Bf5 12. Be2 h5 13. O-O-O Nd7 14. f3 exf3 15.
Bd3 fxg2 16. Bxf5 gxf5 17. Rhg1 e6 18. Rxg2 Bf6 19. Rdg1 Nf8 20. Nf3 Qa5 21. Kb1
O-O-O 22. c5 Nd7 23. Bd6 Rde8 24. Rg6 a6 25. a3 Qd8 26. Qh2 Reg8 27. Qg3 Rxg6
28. Qxg6 Qe8 29. Qg3 Qf7 30. Ng5 Qg8 31. Bf4 Bxg5 32. hxg5 h4 33. Qf2 Qg6 34.
Ka2 Nf8 35. Bh2 e5 36. Bxe5 Rh5 37. Rh1 h3 38. Bh2 Ne6 39. Qg3 f4 40. exf4 Qe4
41. Re1 Qxd4 1-0

[Event "World Rapid Women 2022"]
[Site "Almaty KAZ"]
[Date "2022.12.26"]
[Round "2.30"]
[White "Yao, Lan"]
[Black "Nurgaliyeva, Zarina"]
[Result "1-0"]
[WhiteTitle "WIM"]
[BlackTitle "WFM"]
[WhiteElo "2271"]
[BlackElo "2013"]
[WhiteFideId "8610835"]
[BlackFideId "13730096"]
[EventDate "2022.12.26"]

1. e4 e5 2. Nf3 Nc6 3. Bc4 Nf6 4. d3 Bc5 5. c3 d6 6. Bb3 h6 7. Nbd2 a5 8. h3 Be6
9. O-O O-O 10. Re1 Re8 11. Nf1 Bxb3 12. axb3 d5 13. exd5 Nxd5 14. Ra4 Nf6 15.
Ng3 Qd7 16. Ne4 Be7 17. Nh2 Rad8 18. Nxf6+ Bxf6 19. Qh5 Qxd3 20. Rae4 g6 21.
Qxh6 Bg7 22. Qg5 Qd6 23. h4 Qf6 24. Qg3 Qe6 25. h5 Rd6 26. hxg6 fxg6 27. Nf3
Red8 28. Ng5 Qf5 29. Kh2 Rd1 30. Rxd1 Rxd1 31. Be3 Rd8 32. Rg4 b6 33. Nf3 Kf7
34. Nh4 Rh8 35. Qh3 Qf6 36. Bg5 Qe6 37. Kg1 e4 38. Rf4+ Bf6 39. Rxf6+ Qxf6 40.
Bxf6 Kxf6 41. Qg4 Ne5 42. Qf4+ Ke6 43. Qxe4 Kf6 44. Nf3 1-0

[Event "World Rapid Women 2022"]
[Site "Almaty KAZ"]
[Date "2022.12.26"]
[Round "2.31"]
[White "Tereladze, Sopio"]
[Black "Lagno, Kateryna"]
[Result "0-1"]
[WhiteTitle "WIM"]
[BlackTitle "GM"]
[WhiteElo "2215"]
[BlackElo "2563"]
[WhiteFideId "13600486"]
[BlackFideId "14109336"]
[EventDate "2022.12.26"]

1. e4 e5 2. Nf3 Nc6 3. Bb5 a6 4. Ba4 Nf6 5. O-O b5 6. Bb3 Bc5 7. c3 d6 8. d3 h6
9. Be3 O-O 10. a4 Rb8 11. axb5 axb5 12. Nbd2 Bb6 13. Re1 Ne7 14. Nf1 Ng6 15. Ng3
Bxe3 16. fxe3 c5 17. Rf1 c4 18. Bc2 cxd3 19. Qxd3 Be6 20. Rfd1 Qb6 21. h3 Rfd8
22. Kh2 Rbc8 23. Qe2 b4 24. cxb4 Qxb4 25. Bd3 Nd7 26. Qd2 Rb8 27. Qxb4 Rxb4 28.
Rd2 Nc5 29. Rad1 Rdb8 30. Bf1 Bb3 31. Re1 R8b6 32. h4 Nxe4 33. Nxe4 Rxe4 34. Bd3
Reb4 35. Bxg6 fxg6 36. Kg3 Rc4 37. Rf1 Re4 38. Re1 Kf7 39. Rd3 Reb4 40. Rc1 e4
41. Rc7+ Kg8 42. Rxb3 Rxb3 43. Nd4 Rxe3+ 44. Kf4 Re1 45. Ne6 Rf1+ 46. Kg4 Rf7
47. Rc8+ Kh7 48. Nf8+ Rxf8 49. Rxf8 Rxb2 50. g3 h5+ 0-1

[Event "World Rapid Women 2022"]
[Site "Almaty KAZ"]
[Date "2022.12.26"]
[Round "2.32"]
[White "Serikbay, Assel"]
[Black "Abdumalik, Zhansaya"]
[Result "0-1"]
[WhiteTitle "WIM"]
[BlackTitle "GM"]
[WhiteElo "2230"]
[BlackElo "2496"]
[WhiteFideId "13706799"]
[BlackFideId "13703544"]
[EventDate "2022.12.26"]

1. d4 Nf6 2. c4 g6 3. g3 Bg7 4. Bg2 d5 5. cxd5 Nxd5 6. e4 Nb6 7. Ne2 O-O 8. Nbc3
a5 9. O-O a4 10. Bf4 Bg4 11. f3 Bd7 12. Qc2 Nc6 13. Rad1 Qc8 14. Qc1 a3 15. b3
Re8 16. Nb5 e5 17. dxe5 Bxe5 18. Be3 Nb4 19. Nbc3 Bg7 20. Nf4 Ra5 21. Qd2 c5 22.
Ncd5 N6xd5 23. Nxd5 Nxd5 24. Qxd5 Be6 25. Qd2 b6 26. f4 Bg4 27. Rc1 Bb2 28. Rc2
Ra7 29. b4 Rc7 30. bxc5 bxc5 31. e5 Bf5 32. Rc4 Rd8 33. Qa5 Bd3 34. Rxc5 Rxc5
35. Bxc5 Bxf1 36. Bxf1 Rd5 0-1

[Event "World Rapid Women 2022"]
[Site "Almaty KAZ"]
[Date "2022.12.26"]
[Round "2.33"]
[White "Khotenashvili, Bela"]
[Black "Mikhaylova, Irina"]
[Result "1-0"]
[WhiteTitle "GM"]
[BlackTitle "WGM"]
[WhiteElo "2485"]
[BlackElo "2257"]
[WhiteFideId "13602640"]
[BlackFideId "4109040"]
[EventDate "2022.12.26"]

1. Nf3 Nf6 2. g3 g6 3. Bg2 Bg7 4. c4 c6 5. O-O O-O 6. b3 Ne4 7. d4 d5 8. Bb2 Nd7
9. Nbd2 Nxd2 10. Qxd2 Nf6 11. Ne5 e6 12. Rad1 Nd7 13. e4 dxe4 14. Bxe4 Nf6 15.
Bf3 Qc7 16. h4 Rd8 17. h5 Bd7 18. Qf4 Rac8 19. h6 Bh8 20. d5 exd5 21. cxd5 Be8
22. dxc6 Rxd1 23. Rxd1 bxc6 24. Qg5 Nd5 25. Bxd5 cxd5 26. Nxg6 fxg6 27. Bxh8
Kxh8 28. Rxd5 Qc1+ 29. Qxc1 Rxc1+ 30. Kh2 Rc8 31. Re5 Bd7 32. Re7 Rd8 33. f3 a5
34. g4 a4 35. b4 a3 36. Re3 Ra8 37. Kg3 Kg8 38. Re7 Bb5 39. Rg7+ Kh8 40. Rc7 Kg8
41. Kf4 Rf8+ 42. Ke3 Re8+ 43. Kd4 Be2 44. Rc3 Rf8 45. Rxa3 Bxf3 46. g5 Rf5 47.
Re3 Bd1 48. Re5 Rf2 49. Re8+ Kf7 50. Rh8 Ke6 51. Rxh7 Rxa2 52. Rg7 Kf5 53. h7
Rh2 54. b5 Kxg5 55. Rf7 Be2 56. b6 Ba6 57. Ra7 Bc8 58. Rc7 Kf4 59. Rf7+ Kg4 60.
Ke5 g5 61. Kf6 Bf5 62. b7 Rb2 63. h8=Q 1-0

[Event "World Rapid Women 2022"]
[Site "Almaty KAZ"]
[Date "2022.12.26"]
[Round "2.34"]
[White "Balabayeva, Xeniya"]
[Black "Arabidze, Meri"]
[Result "1-0"]
[WhiteTitle "WIM"]
[BlackTitle "IM"]
[WhiteElo "2183"]
[BlackElo "2427"]
[WhiteFideId "13719688"]
[BlackFideId "13604040"]
[EventDate "2022.12.26"]

1. e4 c5 2. Nf3 e6 3. g3 Nc6 4. Bg2 Nf6 5. Qe2 e5 6. O-O Be7 7. c3 O-O 8. Na3
Re8 9. d3 Bf8 10. Bg5 h6 11. Bxf6 Qxf6 12. Nc4 d6 13. Ne3 Qd8 14. Nd2 g6 15.
Rae1 Bg7 16. f4 exf4 17. gxf4 f5 18. Qf2 Ne7 19. Kh1 Kh7 20. Rg1 Be6 21. Qg3 Bf6
22. exf5 gxf5 23. Nd5 Bh4 24. Nf6+ Bxf6 25. Rxe6 Rg8 26. Qh3 Rg6 27. Nc4 Qg8 28.
Ree1 Rd8 29. Ne3 Qg7 30. Nxf5 Nxf5 31. Qxf5 Kh8 32. Be4 Rxg1+ 33. Rxg1 Qe7 34.
Qg6 1-0

[Event "World Rapid Women 2022"]
[Site "Almaty KAZ"]
[Date "2022.12.26"]
[Round "2.35"]
[White "Injac, Teodora"]
[Black "Omonova, Umida"]
[Result "1-0"]
[WhiteTitle "WGM"]
[BlackTitle "WFM"]
[WhiteElo "2365"]
[BlackElo "2052"]
[WhiteFideId "932400"]
[BlackFideId "14210363"]
[EventDate "2022.12.26"]

1. d4 Nf6 2. Nf3 d5 3. c4 dxc4 4. e3 e6 5. Bxc4 a6 6. O-O b5 7. Be2 Bb7 8. a4 b4
9. a5 Nbd7 10. Qa4 c5 11. Nbd2 Qc7 12. Nc4 Bc6 13. Qb3 Be7 14. Bd2 Rb8 15. Rfc1
O-O 16. h3 Qb7 17. Qd1 Rfd8 18. Qf1 Bb5 19. Bd3 Ne4 20. Be1 Bf6 21. Qe2 Be7 22.
Qc2 Nef6 23. Nfe5 cxd4 24. exd4 Nf8 25. Nb6 Be8 26. Qe2 Rxd4 27. Bxa6 Qa7 28.
Bd3 Bd8 29. f3 Rd5 30. Nc4 Bb5 31. Bf2 Qa6 32. b3 Ng6 33. Bg3 e5 34. Nxd5 Nxd5
35. Nxe5 Ndf4 36. Qe4 Nxd3 37. Nxd3 Ra8 38. Nxb4 Qa7+ 39. Bf2 Qb8 40. Nc6 Bxc6
41. Rxc6 Bxa5 42. b4 Bb6 43. Rc8+ Qxc8 44. Rxa8 Bxf2+ 45. Kxf2 1-0

[Event "World Rapid Women 2022"]
[Site "Almaty KAZ"]
[Date "2022.12.26"]
[Round "2.36"]
[White "Kirchei, Viktoriia"]
[Black "Tania, Sachdev"]
[Result "0-1"]
[WhiteTitle "WFM"]
[BlackTitle "IM"]
[WhiteElo "2070"]
[BlackElo "2389"]
[WhiteFideId "34133396"]
[BlackFideId "5007844"]
[EventDate "2022.12.26"]

1. e4 e5 2. Nf3 Nc6 3. Bb5 a6 4. Ba4 Nf6 5. O-O b5 6. Bb3 Bb7 7. c3 Be7 8. Re1
O-O 9. d4 d6 10. Nbd2 Nd7 11. Nf1 Bf6 12. Ne3 Na5 13. Bc2 g6 14. Ng4 Bg7 15.
Nh6+ Kh8 16. a4 exd4 17. cxd4 c5 18. axb5 axb5 19. Bb3 Nxb3 20. Rxa8 Bxa8 21.
Qxb3 Qe7 22. Qxb5 cxd4 23. Bg5 f6 24. Bd2 Nc5 25. Nxd4 Qe5 26. Qc4 Qe7 27. Bf4
d5 28. Qb4 Re8 29. Rc1 Qxe4 30. Be3 Nd3 31. Qd6 Nxc1 32. Qd7 Qe7 33. Qh3 Nd3 34.
Nhf5 gxf5 35. Nxf5 Qd7 0-1